000 03412nam0a2200397 4500
001 RU\NLR\BIBL_A\022106212
005 20250122145334.0
010 _a978-5-00104-984-5
_9500
021 _aRU
_bКН-П-23-073944
_9КН-П-23-7478
035 _a(NLR Aleph) 022106212
035 _a(RuMoRGB)012123621
090 _a12762665
_c12762665
100 _a20240111d2023 k y0rusy50 ca
101 0 _arus
102 _aRU
105 _aah z 100yy
181 0 _ai
_baxxe
182 1 _an
200 1 _aПедагогические традиции и инновации в работе профессиональной образовательной организации
_eпедагогические чтения
_eсборник статей педагогических работников государственных профессиональных образовательных организаций, подведомственных Министерству образования Новосибирской области
_fМинистерство просвещения Российской Федерации, Новосибирский государственный педагогический университет, Министерство образования Новосибирской области, Новосибирский центр развития профессионального образования
_gсоставители: Яковлева Юлия Сергеевна [и др.]
_gответственный редактор: Н. М. Сивак
203 _aТекст
_bвизуальный
_cнепосредственный
210 _aНовосибирск
_cИзд-во НГПУ
_d2023
215 _a226 с.
_cил., цв. ил., табл., факс.
_d20
300 _aВ макете загл.: Педагогические чтения "Педагогические традиции и инновации в работе профессиональной образовательной организации"
320 _aБиблиогр. в конце ст.
517 1 _aПедагогические чтения "Педагогические традиции и инновации в работе профессиональной образовательной организации"
606 1 _aСреднее профессиональное образование
_xИнновации
_jСъезды, совещания и т.п
_2nlr_sh2
_3RU\NLR\AUTH\661476903
686 1 _aЧ471.2я431
702 1 _aЯковлева
_bЮ. С.
_cметодист, проф. образование
_gЮлия Сергеевна
_3RU\NLR\AUTH\770264614
_4220
702 1 _aСивак
_bН. М.
_gНаталья Михайловна
_4340
711 1 2 _a"Педагогические традиции и инновации в работе профессиональной образовательной организации", педагогические чтения
_f2023
_eНовосибирск
_3RU\NLR\AUTH\880603051
712 0 2 _aНовосибирский государственный педагогический университет
_3RU\NLR\AUTH\8812496
_4475
942 _cBOOK
980 _aNB